Weasel words (Record no. 84545)

MARC details
000 -LEADER
fixed length control field 00675cab a22001935a 4500
001 - CONTROL NUMBER
control field L158252
008 - FIXED-LENGTH DATA ELEMENTS--GENERAL INFORMATION
fixed length control field 141113e20141018xxk 000 0 eng d
035 ## - SYSTEM CONTROL NUMBER
System control number (Sirsi) u158252
041 0# - LANGUAGE CODE
Language code of text/sound track or separate title eng
100 1# - MAIN ENTRY--PERSONAL NAME
Personal name Colby, Allyson
245 00 - TITLE STATEMENT
Title Weasel words
260 ## - PUBLICATION, DISTRIBUTION, ETC.
Date of publication, distribution, etc. 2014
490 ## - SERIES STATEMENT
Series statement Estates Gazette
Volume/sequential designation (1442) 18 October 2014, 107(1)
520 ## - SUMMARY, ETC.
Summary, etc. Considers the risks of drafting and advising on conditional contracts. Includes the key point that the construction of a document is an attempt to discover what a reasonable person would have understood the parties to mean.
590 ## - LOCAL NOTE (RLIN)
Local note KA
651 #4 - SUBJECT ADDED ENTRY--GEOGRAPHIC NAME
Geographic name England and Wales
Chronological subdivision 1543-
690 ## - LOCAL SUBJECT ADDED ENTRY--TOPICAL TERM (OCLC, RLIN)
Topical term or geographic name as entry element Contracts
9 (RLIN) 6232
942 ## - ADDED ENTRY ELEMENTS (KOHA)
Suppress in OPAC 0
Holdings
Withdrawn status Lost status Source of classification or shelving scheme Damaged status Not for loan Home library Current library Shelving location Date acquired Total Checkouts Full call number Barcode Date last seen Copy number Price effective from Koha item type
    Dewey Decimal Classification     London London Journal article 13/11/2014   L158252 158252-1001 06/08/2019 1 06/08/2019 Journal article